<?xml version="1.0" encoding="UTF-8"?>
<record
    xmlns:xsi="http://www.w3.org/2001/XMLSchema-instance"
    xsi:schemaLocation="http://www.loc.gov/MARC21/slim http://www.loc.gov/standards/marcxml/schema/MARC21slim.xsd"
    xmlns="http://www.loc.gov/MARC21/slim">

  <leader>00504nam a22001697a 4500</leader>
  <controlfield tag="001">45657</controlfield>
  <controlfield tag="003">BD-DhUET   </controlfield>
  <controlfield tag="008">260422b        xxu||||| |||| 00| 0 eng d</controlfield>
  <datafield tag="040" ind1=" " ind2=" ">
    <subfield code="c">0</subfield>
    <subfield code="d">BD-DhUET  </subfield>
  </datafield>
  <datafield tag="100" ind1=" " ind2=" ">
    <subfield code="a"> Farhan Niaj Neebir, Muhammad</subfield>
  </datafield>
  <datafield tag="245" ind1=" " ind2=" ">
    <subfield code="a">Survey and data analysis of EGG based lie detection techniques</subfield>
  </datafield>
  <datafield tag="260" ind1=" " ind2=" ">
    <subfield code="a">Dhaka</subfield>
    <subfield code="b">Department of Computer Science and Engineering, BUET</subfield>
    <subfield code="c">2026</subfield>
  </datafield>
  <datafield tag="300" ind1=" " ind2=" ">
    <subfield code="a">viii,49p.</subfield>
  </datafield>
  <datafield tag="501" ind1=" " ind2=" ">
    <subfield code="a">One CD-ROM   </subfield>
  </datafield>
  <datafield tag="504" ind1=" " ind2=" ">
    <subfield code="a">Includes bibliographies  </subfield>
  </datafield>
  <datafield tag="942" ind1=" " ind2=" ">
    <subfield code="c">TH</subfield>
  </datafield>
  <datafield tag="999" ind1=" " ind2=" ">
    <subfield code="c">45657</subfield>
    <subfield code="d">45657</subfield>
  </datafield>
  <datafield tag="952" ind1=" " ind2=" ">
    <subfield code="0">0</subfield>
    <subfield code="1">0</subfield>
    <subfield code="2">ddc</subfield>
    <subfield code="4">0</subfield>
    <subfield code="7">0</subfield>
    <subfield code="9">81965</subfield>
    <subfield code="a">BCL</subfield>
    <subfield code="b">BCL</subfield>
    <subfield code="c">AS</subfield>
    <subfield code="d">2026-04-21</subfield>
    <subfield code="p">121023</subfield>
    <subfield code="r">2026-04-22</subfield>
    <subfield code="t">1</subfield>
    <subfield code="w">2026-04-22</subfield>
    <subfield code="y">TH</subfield>
  </datafield>
</record>
